000 00819nam a22002057a 4500
999 _c16619
_d16619
003 AR-CdUCM
008 190504b ||||| |||| 00| 0 spa d
040 _aMUNICIPALIDAD PROVINCIAL DEL CUSCO
_cBIBLIOTECA MUNICIPAL DEL CUSCO
082 _a930 /
_bA88
100 _aAubert, A.
_936172
245 _aHistoria dinámica: desde la aparición del hombre hasta el descubrimiento de América /
260 _aBuenos Aires :
_bKapelusz,
_c1962.
300 _a508 páginas ;
_bIlustraciones,
_c23.5 cm.
505 _aContenido: Introducción al estudio de la historia -- La edad de la piedra tallada -- El alba de la historia -- Oriente -- Historia de Egipto...
650 _aHistoria universal
_91423
700 _aDurif, F.
_936173
700 _aTomada, L. M. de
_936174
942 _2ddc
_cLIBROS
945 _aacv
_d2019-05-04